Statistiken für Bezirke Österreichs mit dem höchsten Anteil des Bundeslandes

Klicken Sie hier um das Quiz zu spielen!

Allgemein

  • Dieses Quiz wurde 73 mal gespielt
  • Das Durchschnittsergebnis liegt bei 13 aus 16

Antwortstatistiken

FlächeFläche (%)EinwohnerEinwohner (%)BundeslandBezirk% Korrekt
415 km²100.00%1.897.500100.00%WienWien
100%
865 km²33.26%134.40034.08%VorarlbergBregenz
95%
66 km²0.92%154.20027.77%SalzburgSalzburg
95%
1.005 km²14.04%152.30027.43%SalzburgSalzburg-Umgebung
95%
127 km²0.77%288.80023.23%SteiermarkGraz
93%
1.989 km²15.74%179.30023.76%TirolInnsbruck-Land
93%
172 km²6.61%89.00022.58%VorarlbergDornbirn
90%
1.286 km²49.44%63.70016.16%VorarlbergBludenz
85%
278 km²5.86%107.20027.18%VorarlbergFeldkirch
81%
1.038 km²26.20%59.60020.29%BurgenlandNeusiedl am See
80%
1.755 km²24.52%80.60014.51%SalzburgSt. Johann im Pongau
78%
2.642 km²36.92%87.50015.75%SalzburgZell am See
75%
2.746 km²28.98%76.10013.56%KärntenSpittal an der Drau
73%
732 km²18.48%54.10018.43%BurgenlandOberwart
71%
3.315 km²20.21%79.9006.43%SteiermarkLiezen
68%
701 km²17.69%37.50012.78%BurgenlandOberpullendorf
64%

Verteilung der Resultate

Perzentil nach korrekt beantworteten Fragen

Anzahl Personen mit jedem Resultat

Ihre Resultats-Entwicklung

Sie haben dieses Quiz noch nicht gespielt